Lieux emblématiques des pays du monde #1 - Statistiques

Statistiques générales
  • Ce quiz a été pris 75 fois
  • Le résultat moyen est 38 sur 100
Statistiques - réponses
Par images Hint Réponse % Correct
Christ Rédempteur Brésil
97%
Sagrada Familia Espagne
97%
Taj Mahal Inde
97%
Grande Muraille Chine
96%
Pyramides de Gizeh Egypte
96%
Tour Eiffel France
96%
Machu Picchu Pérou
96%
Opéra de Sydney Australie
94%
Burj Khalifa Emirats Arabes Unis
90%
Basilique Sainte-Anne-du-Congo République du Congo
88%
Temples d'Angkor Cambodge
87%
Masjid Al-Haram Arabie Saoudite
86%
La Petite Sirène Danemark
86%
Centrale nucléaire de Tchernobyl Ukraine
86%
Maison natale de Bob Marley Jamaïque
84%
Parc National du Lac Malawi Malawi
84%
Camp de concentration d'Auschwitz-Birkenau Pologne
84%
Basilique Saint-Pierre Vatican
84%
Kuwait Towers Koweït
83%
Geirangerfjord Norvège
83%
Sainte-Sophie Turquie
81%
Tour CN Canada
77%
Château de Vaduz Liechtenstein
77%
Ruines de Babylone Irak
74%
Baie d'Halong Vietnam
74%
Palais Grand-Ducal Luxembourg
72%
Tour de Belém Portugal
70%
Pha Tat Luang Laos
67%
Parc Kruger Afrique du Sud
54%
Chutes Victoria Zambie
54%
Temple de Swayambunath Népal
52%
Taktshang Bhoutan
49%
Országház Hongrie
49%
Falaises de Moher Irlande
49%
Changdeokgung Corée du Sud
48%
Tikal Guatemala
45%
Parc National des Virunga République Démocratique du Congo
43%
Pont de Djouba Soudan du Sud
41%
Wat Arun Thailande
39%
Salto Angel Venezuela
39%
Désert d'Uyuni Bolivie
38%
Plage d'Aphrodite Chypre
38%
Méroé Soudan
38%
Baalbek Liban
32%
Bouches de Kotor Monténégro
29%
Gardens by the Bay Singapour
29%
Reghistan Ouzbékistan
28%
Mosquée Badshahi Pakistan
28%
Stadshuset Suède
28%
Château de Bran Roumanie
26%
El Capitolio Cuba
25%
Maison des Têtes Noires Lettonie
22%
Fort de Nizwa Oman
20%
Grand Trou Bleu Belize
19%
Delta de l'Okavango Botswana
19%
Mosquée d'Agadez Niger
19%
Nový Most Slovaquie
19%
Fort São Miguel Angola
17%
Basilique Notre-Dame-de-la-Paix Côte d'Ivoire
17%
Monastère de Rila Bulgarie
16%
Piedra del Peñol Colombie
16%
Rocher de Sigiriya Sri Lanka
16%
Monastère de David Gareja Géorgie
13%
Monastère de Tatev Arménie
12%
Volcan Arenal Costa Rica
12%
Basilique de l'Annonciation Israël
12%
Forteresse de Golubac Serbie
12%
Lac Iskanderkoul Tadjikistan
12%
Sainte-Trinité de Berat Albanie
10%
Tour de la Vierge Azerbaidjan
10%
Château de Mir Biélorussie
10%
Sibebe Rock Eswatini
10%
Maneaba ni Maungatabu Kiribati
10%
Ruines de Jesus del Tavarangue Paraguay
10%
Forteresse de Brimstone Hill Saint-Christophe-et-Niévès
9%
Ekasup Cultural Village Vanuatu
9%
Désert de Viana Cap-Vert
7%
Parc National de Morne Trois Pitons Dominique
7%
Temple de Sri Siva Subramaniya Fidji
7%
Chutes d'Annadale Grenade
7%
Basilique de l'Immaculée Conception Sainte-Lucie
7%
To Sua Ocean Trench Samoa
7%
Monument de l'Indépendance Togo
7%
Parc National de l'Ivindo Gabon
6%
Chutes de Maletsunyane Lesotho
6%
Nan Madol Micronésie
6%
Mont Wilhelm Papouasie-Nouvelle-Guinée
6%
Chutes de Boali République Centrafricaine
6%
Laas Geel Somalie
6%
Cathédrale Sint Petrus en Paulus Suriname
6%
Iles James Gambie
4%
Cathédrale Sainte-Elisabeth Guinée Equatoriale
4%
Palais Sans Souci Haïti
4%
Cotton Tree Sierra Leone
4%
St Nicholas Abbey Barbade
3%
Mont Karthala Comores
3%
Aitutaki Iles Cook
3%
Temple Maçonique Libéria
3%
Rennell Est Salomon
3%
Saint-Georges-de-la-Mine Ghana
1%
Aucun quiz correspondant
Distribution des résultats
% des personnes avec chaque résultat
Percentile par nombre de réponses
Votre historique - résultats
Vous n’avez pas pris ce quiz